| 000 | 00406nam a2200133 a 4500 | ||
|---|---|---|---|
| 001 | 000039711 | ||
| 005 | 20201002033707.0 | ||
| 008 | 130717s2011 ug 000 0 spa d | ||
| 020 | _a9789974986282 | ||
| 040 |
_aDO-SdBNP _bspa _cBNPHU |
||
| 245 | 1 | 3 |
_aEl libro de oro del TCQ : _bquiniento minicuentos del T Cuento Q 2007-2011/. |
| 260 |
_aUruguay : _bBiblioteca Nacional, _c2011. |
||
| 300 |
_a204 p. ; _c22 cm. |
||
| 999 |
_c39201 _d39201 |
||